Govt. of
Madhya Pradesh

बंगला कहानियॉ (सदी की श्रेष्‍ठ क‍हानियॉ) (Record no. 65652)

MARC details
000 -LEADER
fixed length control field 00436nam a22001097a 4500
082 ## - DEWEY DECIMAL CLASSIFICATION NUMBER
Classification number 891.433/TYA
100 ## - MAIN ENTRY--AUTHOR NAME
Personal name त्‍यागी,सधीर
245 ## - TITLE STATEMENT
Title बंगला कहानियॉ (सदी की श्रेष्‍ठ क‍हानियॉ)
260 ## - PUBLICATION, DISTRIBUTION, ETC. (IMPRINT)
Place of publication दिल्‍ली
Name of publisher लाॅॅयन बुक्‍स इंटरनेशनल
Year of publication 2019
650 ## - SUBJECT ADDED ENTRY--TOPICAL TERM
Topical Term कहानियॉ
942 ## - ADDED ENTRY ELEMENTS (KOHA)
Koha item type Books

No items available.